00513nam a2200181Ia 450000500170000000800410001702000060005808200130006410000150007724500490009226000310014130000180017265000140019065000120020494200060021695200940022299900150031620240813044324.0240331s9999 xx 000 0 und d a  bSTOa407 aStoddart,J 4aThe practical teaching of English in schools aMadrasbOrient Longman Ltd aix, 200 p .,  aPractical aEnglish cL 001040708LaWERCLbWERCLcSSCd2024-03-31l0o 407 STOp541r2024-03-31w2024-03-31yL c3036d3036